Guess whose shadow? / (Record no. 2178)

MARC details
000 -LEADER
fixed length control field 00986cam a2200301 a 4500
005 - DATE AND TIME OF LATEST TRANSACTION
control field 20251209103044.0
020 ## - INTERNATIONAL STANDARD BOOK NUMBER
International Standard Book Number 1563977249
020 ## - INTERNATIONAL STANDARD BOOK NUMBER
International Standard Book Number 0439266513
040 ## - CATALOGING SOURCE
Original cataloging agency OWe
Transcribing agency OWe
Modifying agency O
-- DLC
Language of cataloging eng
050 00 - LIBRARY OF CONGRESS CALL NUMBER
Classification number QC360
Item number .S95 1999
082 04 - DEWEY DECIMAL CLASSIFICATION NUMBER
Classification number 779/.092
-- 535.4
Edition number 21
100 1# - MAIN ENTRY--PERSONAL NAME
Personal name Swinburne, Stephen R.
245 10 - TITLE STATEMENT
Title Guess whose shadow? /
Statement of responsibility, etc. Stephen R. Swinburne.
250 ## - EDITION STATEMENT
Edition statement First Scholastic Printing, February 2001
260 ## - PUBLICATION, DISTRIBUTION, ETC.
Place of publication, distribution, etc. New York :
Name of publisher, distributor, etc. Scholastic,
Date of publication, distribution, etc. 1999
300 ## - PHYSICAL DESCRIPTION
Extent 29 unnumbered pages :
Other physical details illustrations
Dimensions 21 x 26 cm
505 ## - FORMATTED CONTENTS NOTE
Formatted contents note D
520 ## - SUMMARY, ETC.
Summary, etc. "A photo-essay on how light creates shadows."
521 ## - TARGET AUDIENCE NOTE
Target audience note 280
Source Lexile
521 ## - TARGET AUDIENCE NOTE
Target audience note D
Source Raz-Plus
650 #0 - SUBJECT ADDED ENTRY--TOPICAL TERM
Topical term or geographic name entry element Light
Form subdivision Pictorial works
-- Juvenile literature.
650 #0 - SUBJECT ADDED ENTRY--TOPICAL TERM
Topical term or geographic name entry element Shades and shadows
Form subdivision Pictorial works
-- Juvenile literature.
650 #0 - SUBJECT ADDED ENTRY--TOPICAL TERM
Topical term or geographic name entry element Reflection (Optics)
Form subdivision Pictorial works
-- Juvenile literature.
650 #1 - SUBJECT ADDED ENTRY--TOPICAL TERM
Topical term or geographic name entry element Shadows.
906 ## - LOCAL DATA ELEMENT F, LDF (RLIN)
a 7
b cbc
c copycat
d 2
e opcn
f 19
g y-gencatlg
942 ## - ADDED ENTRY ELEMENTS (KOHA)
Source of classification or shelving scheme Dewey Decimal Classification
Koha item type Books
Suppress in OPAC No
999 ## -
-- 2178
-- 2178
Holdings
Withdrawn status Lost status Source of classification or shelving scheme Damaged status Not for loan Collection Home library Current library Shelving location Date acquired Total Checkouts Full call number Barcode Date last seen Copy number Price effective from Koha item type Date last checked out
    Dewey Decimal Classification     Non-Fiction Footprints International School Library Network Toul Kork Campus Footprints International School Library Network Toul Kork Campus TK Primary Library Room(4th Floor), Bookcase 7, Shelves 57-60, Dark Green Books 11/08/2023   SWI 779/.092 QC360 FISTK02510 11/08/2023 1 11/08/2023 Books  
    Dewey Decimal Classification     Non-Fiction Footprints International School Library Network Toul Tom Poung Campus Footprints International School Library Network Toul Tom Poung Campus TTP Primary Green Bookshelves 11/08/2023 1 SWI 779/.092 QC360 FISBK02014 03/19/2026 2 11/08/2023 Books 03/12/2026
    Dewey Decimal Classification     Non-Fiction Footprints International School Library Network Toul Tom Poung Campus Footprints International School Library Network Toul Tom Poung Campus TTP Primary Green Bookshelves 08/13/2025   SWI 779/.092 QC360 FISBK02015 08/13/2025 3 08/13/2025 Books  
    Dewey Decimal Classification     Non-Fiction Footprints International School Library Network Toul Tom Poung Campus Footprints International School Library Network Toul Tom Poung Campus TTP Primary Green Bookshelves 09/09/2025 1 SWI 779/.092 QC360 FIS05077 11/28/2025 4 09/09/2025 Books 11/21/2025
    Dewey Decimal Classification     Non-Fiction Footprints International School Library Network Toul Tom Poung Campus Footprints International School Library Network Toul Tom Poung Campus TTP Primary Green Bookshelves 12/09/2025   SWI 779/.092 QC360 FISBK072856 12/09/2025 5 12/09/2025 Books